00539 2200205 4500001002100000005001500021008004100036020001800077035001900095041000700114082000800121090001400129100001900143700002100162245006000183260003800243300002600281500001000307650001600317INLIS00000000000394620241224112822241224||||||||| | ||| |||| || |  a978-979-799-7 0010-1224003946 aid0 a430 a430 REN h0 aReny Yuniawati0 aRoss Simarangkir00a30 Hari Menguasai Bahasa Jerman Dengan Mudah dan Lancar aJakartabTransMedia Pustakac2009 axi, 138 hlm. : 22 cm. aCet.2 0aIlmu Bahasa